Cours complet d' arpentage : elementaire theorique et applique a l' usage des divers etablissements d' instruction
Saved in:
| Main Author: | |
|---|---|
| Format: | Book |
| Language: | French |
| Published: |
Paris :
A. Fouraut,
1887
|
| Edition: | 19e ed. |
| Subjects: | |
| Tags: |
Add Tag
No Tags, Be the first to tag this record!
|
MARC
| LEADER | 00000cam a2200000 i 4500 | ||
|---|---|---|---|
| 001 | 1/10099 | ||
| 008 | 000829s1887 fre d | ||
| 035 | |l 10063309 | ||
| 040 | |a GR-MY-UA |b gre |e aacr | ||
| 041 | 0 | |a fre | |
| 082 | 0 | |a 526.9071 | |
| 100 | 1 | |a Puille, D. | |
| 245 | 1 | 0 | |a Cours complet d' arpentage : |b elementaire theorique et applique a l' usage des divers etablissements d' instruction / |c par D. Puille |
| 250 | |a 19e ed. | ||
| 260 | |a Paris : |b A. Fouraut, |c 1887 | ||
| 300 | |a 360 p.; |b χάρτ., σχέδ.; |c 18 cm | ||
| 650 | 0 | 0 | |a Surveying |x Study and teaching. |
| 852 | |a INST |b CHIOS |e 20000829 |h 526.9071 PUI |p 005200018301 |q 005200018301 |t BK |y 0 | ||
| 901 | |a BIBL2-2000-2 | ||
| 909 | |a Χ |b 075541 | ||
| 970 | |z 2000/08/ΣΟΦΙΑ | ||